Van Land naar Land - Noordelijkste Punt - Statistieken

Algemene statistieken
  • Deze quiz is 3.204 keer genomen
  • De gemiddelde score is 44 van 156
Antwoorden op de kaart
Antwoorden kleurgecodeerd door een groen-rode schaal op de quizkaart volgens % correct hieronder.
 
Antwoordstatistieken
Land % Correct
Canada
100%
Verenigde Staten
96%
Mexico
94%
Belize
71%
Guatemala
68%
Honduras
66%
Nicaragua
62%
Colombia
61%
Costa Rica
61%
Panama
61%
Venezuela
60%
Guyana
59%
Suriname
59%
Frankrijk
55%
Duitsland
46%
Denemarken
45%
Finland
41%
Noorwegen
41%
Polen
41%
Rusland
41%
Belarus
40%
Estland
40%
Letland
40%
Litouwen
40%
Oekraïne
40%
Zweden
40%
Oostenrijk
39%
Slowakije
39%
Tsjechië
39%
Hongarije
38%
Moldavië
38%
Roemenië
38%
Servië
37%
Italië
36%
Kroatië
36%
Slovenië
36%
Zwitserland
36%
Liechtenstein
32%
Albanië
29%
Bosnië en Herzegovina
29%
Bulgarije
29%
Georgië
29%
Kosovo
29%
Montenegro
29%
Noord-Macedonië
29%
San Marino
29%
Turkije
29%
Vaticaanstad
29%
Armenië
28%
Azerbeidzjan
28%
China
28%
Iran
28%
Kazachstan
28%
Mongolië
28%
Turkmenistan
28%
Afghanistan
27%
Bangladesh
27%
Cambodja
27%
India
27%
Indonesië
27%
Kirgizië
27%
Laos
27%
Maleisië
27%
Myanmar
27%
Nepal
27%
Oezbekistan
27%
Pakistan
27%
Tadzjikistan
27%
Thailand
27%
Vietnam
27%
Oost-Timor
26%
Papoea-Nieuw-Guinea
26%
Brunei
25%
Bhutan
24%
Irak
24%
Israël
24%
Jordanië
24%
Koeweit
24%
Libanon
24%
Noord-Korea
24%
Saoedi-Arabië
24%
Syrië
24%
Zuid-Korea
24%
Jemen
23%
Oman
23%
Verenigde Arabische Emiraten
23%
Algerije
22%
Egypte
22%
Libië
22%
Marokko
22%
Qatar
22%
Spanje
22%
Tunesië
22%
Andorra
21%
Djibouti
21%
Eritrea
21%
Ethiopië
21%
Kenia
21%
Mali
21%
Mauritanië
21%
Niger
21%
Portugal
21%
Soedan
21%
Somalië
21%
Tsjaad
21%
Zuid-Soedan
21%
Benin
20%
Burkina Faso
20%
Centraal-Afrikaanse Republiek
20%
Ghana
20%
Ivoorkust
20%
Kameroen
20%
Nigeria
20%
Togo
20%
Gambia
19%
Guinee
19%
Guinee-Bissau
19%
Liberia
19%
Senegal
19%
Sierra Leone
19%
Burundi
17%
Democratische Republiek Congo
17%
Equatoriaal-Guinea
17%
Gabon
17%
Oeganda
17%
Republiek Congo
17%
Rwanda
17%
Tanzania
17%
Angola
16%
Botswana
16%
Eswatini
16%
Lesotho
16%
Malawi
16%
Mozambique
16%
Namibië
16%
Zambia
16%
Zimbabwe
16%
Zuid-Afrika
16%
Griekenland
15%
België
14%
Luxemburg
14%
Nederland
14%
Argentinië
12%
Bolivia
12%
Brazilië
12%
Chili
12%
Ecuador
12%
Monaco
12%
Paraguay
12%
Peru
12%
Uruguay
12%
Dominicaanse Republiek
11%
El Salvador
11%
Haïti
11%
Ierland
11%
Verenigd Koninkrijk
11%
Geen overeenkomende quizzen gevonden
Scoreverdeling
Procent van Mensen met Elke Score
Percentiel versus Aantal Correcte Antwoorden
Uw Scoregeschiedenis
U heeft deze quiz nog niet genomen